000 00558nam a2200193Ia 4500
999 _c8075
_d8075
003 OSt
005 20200114141301.0
008 190216s9999||||xx |||||||||||||| ||und||
020 _a9780230321946
020 _a0230321941
040 _coclc
082 _a332
_bFIN/C
100 _aIndian Institute Of Banking And Finance
_91155
245 0 _aCorporate Banking /
_cIndian Institute Of Banking And Finance
260 _bMacmillan,
_c2014.
_aDelhi :
300 _a300p
650 _aBanking
942 _cBK
_2ddc
_h332
_iFIN/C
_k332
_mFIN/C